000 00776nam a2200241Ii 4500
003 JO-AjNU
008 230605s9999||||xx |||||||||||||| ||und||
017 _a2003/14361
020 _a977-01-8785-2
040 _aJO-AjNU
_bara
_erda
_cJO-AjNU
041 _aara
050 1 4 _aPJ7810.H25.Z4635 2003
100 3 _aتأليف أمين،أحمد,
_eauthor
_920831
245 0 0 _aحياتي
250 _aط2
264 3 1 _aالقاهرة:مكتبة الأسرة،2003 ؛ مهرجان القراءة للجميع 2003
300 _a368ص
336 _atext
_btxt
_2rdacontent
337 _aunmediated
_bn
_2rdamedia
338 _avolume
_bnc
_2rdacarrier
490 0 _aسلسة روائع السيرة الذاتية
650 4 _aالأدب العربي - تراجم
_920832
999 _aA7134
_c10702
_d10702